00564nam a22001697a 450000500170000001000130001702000260003003500130005603700090006908200110007810000180008924500440010726000380015127001150018930000230030450000670032720211007110949.0 aB-741710 a9789353793128c450.00 aB-741710 aGift a882.08 aRakesh Ranjan aM.E.G.-2,British Drama /cRakesh Ranjan a DelhibNeeraj Publicationsc202? a1507,Ist Floor,Nai Sarakb Delhie110006k011-23260329,45704411, 23244362, 23285501minfo@neerajignoubooks.com a344p. c24cm(pbk)  aI.G.N.O.U. Based Queation Bank Cum Chapterwise Reference Book